000
00320nam a22001457a 4500
008
221010b ||||| |||| 00| 0 eng d
020
_a
0914168010
041
_a
eng
080
_2
VOLUME 1
_a
616.8
082
_a
616.8 NETT
100
_a
11.2
101
_a
NEU
245
_a
NERVOUS SYSTEM
_c
NETTER F
942
_2
udc
_c
BK
999
_c
58429
_d
58429